Stat.Edu’21 - New Perspectives in Statistics Education. Proceedings of the International Conference Stat.Edu’21 (Record no. 28848)
[ view plain ]
| 000 -LEADER | |
|---|---|
| fixed length control field | 00646nam a2200145Ia 4500 |
| 008 - FIXED-LENGTH DATA ELEMENTS--GENERAL INFORMATION | |
| fixed length control field | 220620s9999||||xx |||||||||||||| ||und|| |
| 020 ## - INTERNATIONAL STANDARD BOOK NUMBER | |
| International Standard Book Number | 978-88-6887-124-6 |
| 100 ## - MAIN ENTRY--PERSONAL NAME | |
| Personal name | Davino, Cristina |
| 245 #0 - TITLE STATEMENT | |
| Title | Stat.Edu’21 - New Perspectives in Statistics Education. Proceedings of the International Conference Stat.Edu’21 |
| 546 ## - LANGUAGE NOTE | |
| Language note | English[eng] |
| 650 ## - SUBJECT ADDED ENTRY--TOPICAL TERM | |
| Topical term or geographic name entry element | technology-based platforms, adaptive learning systems, statistical methods, statistics anxiety, higher education |
| 700 ## - ADDED ENTRY--PERSONAL NAME | |
| Personal name | Davino, Cristina||Fabbricatore, Rosa||Parola, Anna |
| 856 ## - ELECTRONIC LOCATION AND ACCESS | |
| Uniform Resource Identifier | <a href="http://www.fedoabooks.unina.it/index.php/fedoapress/catalog/book/313">http://www.fedoabooks.unina.it/index.php/fedoapress/catalog/book/313</a> |
| 942 ## - ADDED ENTRY ELEMENTS (KOHA) | |
| Koha item type | E-Books |
| Withdrawn status | Lost status | Damaged status | Not for loan | Home library | Current library | Date acquired | Total Checkouts | Date last seen | Price effective from | Koha item type |
|---|---|---|---|---|---|---|---|---|---|---|
| Kerala University of Digital Sciences, Innovation and Technology Knowledge Centre | Kerala University of Digital Sciences, Innovation and Technology Knowledge Centre | 20/06/2022 | 20/06/2022 | 20/06/2022 | E-Books |